La aportación a sociedad de vivienda arrendada como supuesto del derecho de retracto legal del arrendatario (Registro nro. 16127)

Detalles MARC
000 -Cabecera
Campo de control interno 00519nam a2200181Ia 4500
005 - Fecha y hora del registro
control field 20260306170246.0
008 - Elementos de Longitud Fija
fixed length control field 260306t1999||||xx |||||||||||||| ||und||
041 ## - Idioma
Codigo Idioma ESP
082 ## - DEWEY y NOTACIÓN INTERNA
Dewey 346.65
Notación Interna D71
100 ## - AUTOR
Autor denominación Díaz Romero, María del Rosario
Término de relación autor
245 #0 - TÍTULO DE MATERIAL BIBLIOGRÁFICO
Título La aportación a sociedad de vivienda arrendada como supuesto del derecho de retracto legal del arrendatario
260 ## - CIUDAD, EDITORIAL, AÑO
Año 1999
300 ## - DESCRIPCIÓN
N° Páginas 124 páginas :
Dimensiones 21 cm.
650 ## - TEMAS
Temas Generalidades
654 ## - PROGRAMAS
Programa Dpto. de Derecho y Ciencia Política
942 ## - ELEMENTOS DE KOHA
Tipo de documento Libro
Nombre del creador Justo Noguera
Código de catalogador Justo Noguera
Esquema de clasificación Dewey Decimal Classification
Suppress in OPAC
Existencias
Codigo completo Registro Colección Copia número Disponibilidad Tipo de préstamo Biblioteca Actual Procedencia (Biblioteca) Ubicacón Fecha Ingreso Tipo de Adquisición Date last seen Total checkouts Price effective from Tipo de Item Estado del Material Fuente de Clasificación Damaged status Withdrawn status
346.65 D71 1050852 Colección Navarra 1 Disponible Disponible Víctor Andrés Belaunde Víctor Andrés Belaunde Primer piso 03/06/2026 Donación 06/03/2026   06/03/2026 Libro Bueno Dewey Decimal Classification